Paroles Marie - Johnny Hallyday - Statistiques

Statistiques générales
  • Ce quiz a été pris 214 fois
  • Le résultat moyen est 144 sur 213
Statistiques - réponses
Réponse % Correct
à
100%
a
100%
m'
100%
ma
100%
Marie
100%
s'
100%
l'
99%
le
99%
mal
99%
Oh
99%
oh
99%
on
99%
qu'
99%
que
99%
sa
99%
si
99%
t'
99%
tout
99%
tu
99%
fait
98%
savais
98%
me
97%
j'
96%
d'
95%
je
94%
dans
91%
pouvais
91%
tes
91%
bras
90%
nus
90%
de
82%
reposer
82%
et
78%
pour
69%
ai
68%
moi
68%
la
67%
dernière
63%
des
63%
mon
63%
chance
59%
étais
57%
mes
55%
disparais
51%
jour
51%
plus
51%
vais
51%
peu
50%
innocence
49%
en
46%
ne
46%
sera
44%
43%
au
42%
vu
42%
les
41%
malgré
41%
efforts
40%
évanouie
39%
retrouver
38%
toute
38%
son
36%
désespérés
35%
journée
35%
pareil
35%
un
35%
ce
34%
horreurs
34%
merveilles
34%
sans
34%
cours
33%
rien
33%
il
30%
entretuer
29%
fumée
29%
savoir
28%
bruit
27%
fais
27%
mort
27%
ombres
27%
attendrai
26%
grand
26%
vois
26%
demain
24%
elle
24%
fous
24%
ciel
22%
devenus
22%
faire
22%
faudra
22%
lier
22%
viennes
22%
danse
21%
hommes
21%
prie
21%
signe
21%
sont
21%
oublier
20%
bravoure
19%
preuve
19%
ligne
18%
première
18%
simple
18%
appareil
17%
front
17%
donnerais
14%
promis
14%
allongé
13%
vacances
13%
éveille
11%
oui
11%
herbe
10%
monter
8%
Aucun quiz correspondant
Distribution des résultats
% des personnes avec chaque résultat
Percentile par nombre de réponses
Votre historique - résultats
Vous n’avez pas pris ce quiz